The A to Z of the European Union (Record no. 622619)

MARC details
000 -LEADER
fixed length control field 00529nam a22001937a 4500
008 - FIXED-LENGTH DATA ELEMENTS--GENERAL INFORMATION
fixed length control field 260506b |||||||| |||| 00| 0 eng d
020 ## - INTERNATIONAL STANDARD BOOK NUMBER
ISBN 9780810868694
Paper back/Hardbound pbk
041 ## - LANGUAGE CODE
Language code of text/sound track or separate title eng
082 ## - DEWEY DECIMAL CLASSIFICATION NUMBER
Classification number 341.242 ROY
100 ## - MAIN ENTRY--AUTHOR NAME
Personal name Roy, Joaquin
245 ## - TITLE STATEMENT
Title The A to Z of the European Union
Statement of responsibility, etc /Joaquin Roy
260 ## - PUBLICATION, DISTRIBUTION, ETC. (IMPRINT)
Place of publication UK
Name of publisher The Scarecrow Press, Inc.
Year of publication 2009
300 ## - PHYSICAL DESCRIPTION
Number of Pages xiii, 259. :
Dimensions 22cm.
490 ## - SERIES STATEMENT
Series statement The A to Z guide Series
Volume number/sequential designation vol.82
504 ## - BIBLIOGRAPHY, ETC. NOTE
Bibliography, etc Includes bibliographical references
650 ## - SUBJECT ADDED ENTRY--TOPICAL TERM
Topical Term Law of nations
942 ## - ADDED ENTRY ELEMENTS (KOHA)
Koha item type English Books
Holdings
Withdrawn status Lost status Damaged status Not for loan Home library Current library Shelving location Date acquired Full call number Accession Number Price effective from Koha item type
        Anna Centenary Library Anna Centenary Library 4TH FLOOR, A WING 31.12.2010 341.242 ROY 480572 06.05.2026 English Books

Find us on the map